000 01356namaa22003251i 4500
005 20260414120449.0
008 260223s1995 ua a|||frm||| 000 0 eng d
040 _aEG-GICUC
_beng
_cEG-GICUC
_dEG-GICUC
_erda
041 0 _aeng
_beng
_bara
049 _aDeposit
097 _aM.Sc
099 _aCai01.07.01.M.Sc.1995.Mo.D.
100 0 _aMohamed Mostafa Mohamed Amein,
_epreparation.
245 1 0 _aDifferential Response OF Some Cotton Cultivars To Late Planting /
_cBy Mohamed Mostafa Mohamed Amein; Approved By Dr. D. A. Wahab, Dr. A. A. EL-Gohary, Dr. A.A.Aboel-Zahab.
246 1 5 _aإختلاف إستجابة بعض أصناف القطن لميعاد الزراعة المتأخرة
264 0 _c1995.
300 _a130 Leaves :
_billustrations ;
_c30 cm. +
336 _2rda content
_atext
337 _2rdamedia
_aUnmediated
338 _2rdacarrier
_avolume
502 _aThesis (M.Sc.) -Cairo University, 1995.
504 _aBibliography: pages 119-130.
653 0 _aAgronomy
700 0 _aD. A. Wahab
_ethesis advisor.
700 0 _aA. A. EL-Gohary
_ethesis advisor.
700 0 _aA. A. Abo El-Zahab
_ethesis advisor.
900 _DDepartment of Agronomy
_FFaculty of Agriculture
_UCairo University
_b1995
_cD. A. Wahab
_cA. A. EL-Gohary
_cA. A. Abo El-Zahab
905 _aEman El gebaly
_eNourhan
942 _2ddc
_cTH
_e21
_n0
999 _c178669